Statistics for Solve the Secret Country #7

Click here to take the quiz!

General Stats

  • This quiz has been taken 928 times
  • The average score is 7 of 14

Answer Stats

Hint Answer % Correct
AAI MNNORSSan Marino
89%
AA DELLORSVEl Salvador
69%
AEHKN OORRTNorth Korea
69%
AACCI ORSTCosta Rica
67%
AAADHILL LMNRSSSMarshall Islands
63%
AACCIIN TTVYVatican City
62%
AACFH IORSTUSouth Africa
60%
Secret CountrySOUTH SUDAN
51%
AABEGI INSSUUGuinea-Bissau
48%
AAAEEGIILN OQRTUUEquatorial Guinea
48%
ABCCDEIII LMNNOPRUDominican Republic
39%
AADEI IIKNN NSS STTTVSaint Kitts and Nevis
33%
AAAAABB DDG INNRTUUAntigua and Barbuda
30%
AAABCCC EEFIILL NNPRRRTUCentral African Republic
24%

Score Distribution

Percentile by Number Answered

Percent of People with Each Score

Your Score History

You have not taken this quiz